| 000 | 00322nam a22001217a 4500 | ||
|---|---|---|---|
| 008 | 230619b xxu||||| |||| 00| 0 eng d | ||
| 082 |
_a291.09 _bAKI |
||
| 100 | _cA. B. T. Byaruhanga-Akiki | ||
| 245 | _aReligion in Bunyoro | ||
| 260 |
_aNairobi,Kenya _bKenya Literature Bureau _c1982 |
||
| 300 | _aXVI,256p | ||
| 942 |
_2ddc _cBK |
||
| 999 |
_c1351 _d1351 |
||